[Event "Zadar2019"]
[Site "Zadar"]
[Date "2019.12.15"]
[Round "1.1"]
[White "Pecnik, Leo"]
[Black "Predojevic, Borki"]
[Result "1/2-1/2"]
[WhiteElo "2326"]
[BlackElo "2616"]
[PlyCount "125"]
[EventDate "2019.12.15"]

1. e4 e5 2. Nf3 Nc6 3. d4 exd4 4. Nxd4 Qf6 5. Be3 Bc5 6. c3 Nge7 7. g3 d5 8.
Bg2 dxe4 9. O-O Bb6 10. Nd2 O-O 11. Nxe4 Qg6 12. Nc5 Nxd4 13. cxd4 c6 14. b4
Rd8 15. Qb3 Nd5 16. Rfe1 a5 17. b5 Bxc5 18. dxc5 a4 19. Qb2 a3 20. Qe5 Qf5 21.
Qxf5 Bxf5 22. bxc6 bxc6 23. Bxd5 Rxd5 24. Rad1 Be6 25. Rxd5 Bxd5 26. Bc1 h5 27.
Re3 Rb8 28. Rxa3 Rb1 29. Rc3 Bxa2 30. h4 Bd5 31. Kf1 Kh7 32. Ke2 Kg6 33. Ke3
Kf5 34. f3 f6 35. Bd2 Rg1 36. Kf2 Ra1 37. Ke3 Ra2 38. Rd3 g6 39. Bc3 Rc2 40.
g4+ hxg4 41. fxg4+ Kxg4 42. Bxf6 Rxc5 43. Rd4+ Kh5 44. Bg5 Rc2 45. Rd2 Rc1 46.
Rd4 Re1+ 47. Kd2 Re6 48. Kc3 Re5 49. Kd2 Be6 50. Rf4 c5 51. Bf6 Rd5+ 52. Ke3
Rd1 53. Ke2 Rd7 54. Re4 Bf5 55. Re5 c4 56. Rc5 Rd6 57. Bg5 Rd4 58. Kf3 Rd3+ 59.
Kf4 Rd4+ 60. Kf3 Rd3+ 61. Kf4 Rd4+ 62. Kf3 Rd3+ 63. Kf4 1/2-1/2

[Event "Zadar2019"]
[Site "Zadar"]
[Date "2019.12.15"]
[Round "1.2"]
[White "Kozul, Zdenko"]
[Black "Dixit, Nikhil"]
[Result "1-0"]
[WhiteElo "2590"]
[BlackElo "2318"]
[PlyCount "157"]
[EventDate "2019.12.15"]

1. d4 Nf6 2. Nf3 g6 3. c4 Bg7 4. Nc3 O-O 5. e4 d6 6. Be2 e5 7. O-O exd4 8. Nxd4
Re8 9. f3 Nc6 10. Be3 Nh5 11. Nxc6 bxc6 12. Qd2 Ba6 13. Rfd1 Qe7 14. Bf1 Qe6
15. Rac1 f5 16. Bd4 Nf6 17. exf5 Qxf5 18. b4 Nd7 19. Bxg7 Kxg7 20. Qd4+ Qe5 21.
c5 Bxf1 22. Kxf1 Re6 23. cxd6 cxd6 24. Ne2 d5 25. Qxe5+ Nxe5 26. Nd4 Rf6 27.
Rc5 Rb8 28. a3 Rb6 29. Kf2 g5 30. h3 Kg6 31. b5 cxb5 32. Nxb5 a6 33. Rdxd5 Rxb5
34. Rxe5 Rb2+ 35. Kg3 h6 36. a4 Rd6 37. Red5 Re6 38. Rd1 Ra2 39. a5 Ree2 40.
Rc6+ Kh5 41. Rg1 Rxa5 42. Kh2 Rae5 43. Rxa6 Re6 44. Rga1 Kg6 45. h4 Rxa6 46.
Rxa6+ Kg7 47. h5 Re5 48. Kg3 Re2 49. Ra7+ Kg8 50. Kh3 Rc2 51. Re7 Rb2 52. g3
Rb4 53. Re4 Rb5 54. Kg4 Kf7 55. Ra4 Kg7 56. Ra7+ Kg8 57. Re7 Ra5 58. f4 gxf4
59. gxf4 Rb5 60. Re5 Rb6 61. Re7 Kf8 62. Rd7 Rf6 63. f5 Rb6 64. Kf4 Kg8 65. Ke5
Rb1 66. Kf6 Rg1 67. Rd6 Kh7 68. Ke7 Re1+ 69. Re6 Ra1 70. f6 Ra7+ 71. Kf8 Ra8+
72. Re8 Ra2 73. f7 Rf2 74. Re6 Ra2 75. Ke7 Ra7+ 76. Kf6 Ra8 77. Rd6 Rb8 78. Ke7
Rb4 79. f8=R 1-0

[Event "Zadar2019"]
[Site "Zadar"]
[Date "2019.12.15"]
[Round "1.3"]
[White "Antova, Gabriela"]
[Black "Brkic, Ante"]
[Result "0-1"]
[WhiteElo "2314"]
[BlackElo "2576"]
[PlyCount "228"]
[EventDate "2019.12.15"]

1. d4 d5 2. c4 e6 3. Nf3 Nf6 4. Nc3 Bb4 5. Bg5 Nbd7 6. cxd5 exd5 7. e3 c5 8.
Bd3 Qa5 9. Qc2 c4 10. Bf5 O-O 11. O-O Re8 12. Rfb1 g6 13. Bxd7 Nxd7 14. a3 Bf8
15. b4 cxb3 16. Rxb3 a6 17. Qb2 b6 18. Bf4 Re6 19. a4 Bb7 20. Ne2 f6 21. h4 Rc8
22. h5 g5 23. Bg3 Rec6 24. Qb1 Rc2 25. Qd1 R2c4 26. Rb2 Rb4 27. Rba2 b5 28.
axb5 Qxb5 29. Ra5 Qc4 30. Ne1 Qb3 31. Nd3 Qxd1+ 32. Rxd1 Rb3 33. Ra2 Kg7 34. f3
Kh6 35. Be1 Kxh5 36. g4+ Kg6 37. Ng3 Rc6 38. Ba5 Nb6 39. Bxb6 Rcxb6 40. Rc2 Bc6
41. Kf2 a5 42. e4 a4 43. e5 a3 44. Nh5 Bb5 45. Nc5 Bxc5 46. dxc5 Rb8 47. c6 Rb2
48. Rxb2 axb2 49. c7 Rc8 50. Rb1 fxe5 51. Rxb2 Bd7 52. Rb6+ Kf7 53. Nf6 Rxc7
54. Nxh7 Rc2+ 55. Kg3 Bc6 56. Nxg5+ Ke7 57. Rb3 d4 58. Rb1 Kf6 59. Nh7+ Kg6 60.
Nf8+ Kf7 61. Nh7 Rc3 62. Rf1 e4 63. Kf4 e3 64. Ng5+ Ke7 65. Re1 Rc2 66. Ke5 d3
67. Rxe3 d2 68. Kf4+ Kf8 69. Nh7+ Kg8 70. Rd3 Bb5 71. Rd8+ Kxh7 72. Ke3 Rc3+
73. Kxd2 Rxf3 74. Rd5 Be8 75. Ke2 Rf4 76. Re5 Bg6 77. g5 Bh5+ 78. Ke3 Rf3+ 79.
Ke4 Rf1 80. Rc5 Kg6 81. Ra5 Bg4 82. Ke3 Bf5 83. Rc5 Kxg5 84. Ra5 Rd1 85. Ra3
Rd5 86. Rc3 Kf6 87. Rb3 Ke5 88. Rc3 Be4 89. Ra3 Rd1 90. Ra5+ Bd5 91. Ra4 Rh1
92. Rb4 Rh3+ 93. Kd2 Be4 94. Rb8 Rd3+ 95. Ke2 Rc3 96. Rd8 Bd5 97. Kf2 Kd4 98.
Re8 Rf3+ 99. Ke2 Rg3 100. Rd8 Rg2+ 101. Kf1 Ra2 102. Kg1 Rb2 103. Rd7 Ke4 104.
Rd8 Rd2 105. Re8+ Kf3 106. Rf8+ Ke3 107. Rf6 Bf3 108. Re6+ Be4 109. Re7 Ra2
110. Re8 Rg2+ 111. Kf1 Rh2 112. Rg8 Ra2 113. Kg1 Ra1+ 114. Kh2 Rh1+ 0-1

[Event "Zadar2019"]
[Site "Zadar"]
[Date "2019.12.15"]
[Round "1.9"]
[White "Mosesov, Danyil"]
[Black "Doric, Darko"]
[Result "1/2-1/2"]
[WhiteElo "2290"]
[BlackElo "2492"]
[PlyCount "106"]
[EventDate "2019.12.15"]

1. d4 d5 2. c4 e6 3. Nc3 c6 4. g3 dxc4 5. Bg2 Bb4 6. Nf3 b5 7. a3 Bxc3+ 8. bxc3
Bb7 9. a4 a6 10. O-O Nd7 11. Qc2 h6 12. Ba3 Ne7 13. Rab1 O-O 14. Nd2 Ra7 15.
Rfd1 Ba8 16. Ne4 Nb6 17. Nc5 Re8 18. e4 Nd7 19. f4 Nxc5 20. Bxc5 Rd7 21. Re1
Nc8 22. a5 Qxa5 23. Ra1 Qd8 24. Rxa6 Bb7 25. Raa1 Nb6 26. Qb2 Na4 27. Qb4 Nxc5
28. Qxc5 Qe7 29. e5 Qxc5 30. dxc5 Red8 31. Ra7 Kf8 32. Bf3 Ra8 33. Rxa8+ Bxa8
34. Ra1 Bb7 35. Kf2 Ke7 36. Ke2 Kd8 37. Rd1 Rxd1 38. Kxd1 Kc7 39. Kc2 Bc8 40.
h4 Bd7 41. Bh5 Be8 42. Kd2 Kd7 43. Bf3 f6 44. h5 Ke7 45. Kc1 Kf8 46. Kb2 g5 47.
hxg6 Kg7 48. Be4 f5 49. Bf3 Kxg6 50. Ka3 Kf7 51. Kb4 Ke7 52. Ka5 Kd8 53. Be2
Kc7 1/2-1/2

[Event "Zadar2019"]
[Site "Zadar"]
[Date "2019.12.15"]
[Round "1.12"]
[White "Blohberger, Felix"]
[Black "Peng, Hongchi"]
[Result "1/2-1/2"]
[WhiteElo "2434"]
[BlackElo "2271"]
[PlyCount "110"]
[EventDate "2019.12.15"]

1. Nf3 Nf6 2. g3 d5 3. Bg2 c6 4. O-O Bf5 5. c4 e6 6. d3 dxc4 7. dxc4 Qxd1 8.
Rxd1 Nbd7 9. b3 Be7 10. Nc3 Ne4 11. Nxe4 Bxe4 12. Bb2 Bf6 13. Bxf6 Nxf6 14. Ne5
Bxg2 15. Kxg2 Ke7 16. Rd3 Rhd8 17. Rad1 Rxd3 18. Rxd3 Rc8 19. g4 Rc7 20. f4 Ne4
21. Re3 Nc5 22. g5 f6 23. gxf6+ gxf6 24. Nd3 Nxd3 25. Rxd3 c5 26. Kf3 f5 27. e4
Rc8 28. Kf2 h5 29. Rg3 Kf6 30. Rg5 Rh8 31. h4 b6 32. Ke3 Rh7 33. Rg8 Rg7 34.
e5+ Kf7 35. Ra8 Kg6 36. Rf8 Re7 37. a3 Kg7 38. Rd8 Kf7 39. Rh8 Kg6 40. Rc8 Rd7
41. b4 Rd4 42. bxc5 Re4+ 43. Kf3 Rxc4 44. Rc6 Kf7 45. Rc7+ Ke8 46. c6 a6 47.
Rc8+ Ke7 48. Rc7+ Kd8 49. Rd7+ Ke8 50. Rd6 Ke7 51. Rd7+ Ke8 52. Rd6 Ke7 53. Ke3
b5 54. Rd7+ Ke8 55. Rd6 Ke7 1/2-1/2

[Event "Zadar2019"]
[Site "Zadar"]
[Date "2019.12.16"]
[Round "2.2"]
[White "Brkic, Ante"]
[Black "Bukal, Vladimir Jr"]
[Result "1-0"]
[WhiteElo "2576"]
[BlackElo "2393"]
[PlyCount "61"]
[EventDate "2019.12.15"]

1. e4 d5 2. exd5 Qxd5 3. Nc3 Qa5 4. d4 Nf6 5. Bd2 Bg4 6. f3 Bd7 7. Bc4 Qb6 8.
Nge2 e6 9. O-O c5 10. d5 exd5 11. Nxd5 Nxd5 12. Bxd5 Be7 13. Bc3 O-O 14. Ng3
Nc6 15. Bxf7+ Rxf7 16. Qxd7 Nd4 17. Rae1 Bd6 18. Qg4 Bxg3 19. hxg3 Nxc2 20. Re6
Qc7 21. Rd1 Nd4 22. Re4 Nf5 23. Re5 Nd4 24. Bxd4 cxd4 25. Qxd4 h6 26. g4 Rc8
27. g5 hxg5 28. Rxg5 Qc2 29. Re1 a6 30. Rh5 Qc4 31. Re8+ 1-0

[Event "Zadar2019"]
[Site "Zadar"]
[Date "2019.12.16"]
[Round "2.3"]
[White "Manush, Shah"]
[Black "Saric, Ante"]
[Result "1-0"]
[WhiteElo "2341"]
[BlackElo "2556"]
[PlyCount "89"]
[EventDate "2019.12.15"]

1. d4 Nf6 2. Nf3 d5 3. c4 e6 4. e3 Be7 5. Nc3 O-O 6. cxd5 exd5 7. Bd3 Bg4 8.
Qc2 Bxf3 9. gxf3 c5 10. dxc5 Nc6 11. a3 Bxc5 12. b4 Bb6 13. Na4 d4 14. Nxb6
axb6 15. Bb2 Qd5 16. Be4 Qh5 17. Bxc6 bxc6 18. Bxd4 Nd5 19. Rg1 g6 20. Qxc6
Rfe8 21. Rg4 Rac8 22. Qd6 Qf5 23. Re4 Qxf3 24. Rxe8+ Rxe8 25. Qc6 Rd8 26. Rd1
Qh1+ 27. Kd2 Qf3 28. Ke1 Qh1+ 29. Kd2 Qg2 30. Ke1 Qg1+ 31. Ke2 Qg4+ 32. Ke1 Rc8
33. Qxd5 Qg1+ 34. Ke2 Rc2+ 35. Rd2 Qg4+ 36. Kd3 Rc8 37. Qe5 Kf8 38. f3 Qh3 39.
Qh8+ Ke7 40. Bf6+ Kd6 41. Ke2+ Kc7 42. Rc2+ Kd6 43. Qxc8 Qg2+ 44. Kd3 Qf1+ 45.
Ke4 1-0

[Event "Zadar2019"]
[Site "Zadar"]
[Date "2019.12.16"]
[Round "2.4"]
[White "Dimitrov, Vladimir"]
[Black "Yeoh, Li Tian"]
[Result "1/2-1/2"]
[WhiteElo "2285"]
[BlackElo "2530"]
[PlyCount "91"]
[EventDate "2019.12.15"]

1. d4 Nf6 2. c4 c5 3. d5 e6 4. Nc3 exd5 5. cxd5 d6 6. e4 g6 7. f4 Bg7 8. Bb5+
Nfd7 9. a4 O-O 10. Nf3 Na6 11. O-O Nb4 12. Be3 a6 13. Be2 Nf6 14. Nd2 Re8 15.
Bf2 b6 16. Bg3 Bb7 17. Kh1 Rc8 18. f5 Rc7 19. Bh4 h6 20. Bxf6 Bxf6 21. Nc4 Be5
22. Qd2 Qg5 23. Qxg5 hxg5 24. fxg6 fxg6 25. Nxe5 Rxe5 26. Rf6 Nc2 27. Raf1 Nd4
28. Bg4 b5 29. axb5 axb5 30. Rxd6 b4 31. Rd8+ Kg7 32. d6 Rf7 33. Rxf7+ Kxf7 34.
Rd7+ Kf6 35. Rxb7 bxc3 36. bxc3 Rxe4 37. h3 Nf5 38. Rb6 Re1+ 39. Kh2 Nh6 40.
d7+ Ke7 41. Re6+ Rxe6 42. Bxe6 Nf5 43. Bxf5 gxf5 44. g3 Kxd7 45. h4 Ke6 46.
hxg5 1/2-1/2

[Event "Zadar2019"]
[Site "Zadar"]
[Date "2019.12.16"]
[Round "2.5"]
[White "Stany, G.A.."]
[Black "Bhambure, Shantanu"]
[Result "1/2-1/2"]
[WhiteElo "2526"]
[BlackElo "2340"]
[PlyCount "83"]
[EventDate "2019.12.15"]

1. e4 c5 2. Nf3 d6 3. d4 cxd4 4. Nxd4 Nf6 5. Nc3 a6 6. Be3 e5 7. Nb3 Be6 8. f3
Nbd7 9. Qd2 b5 10. O-O-O Be7 11. g4 b4 12. Nd5 Bxd5 13. exd5 Nb6 14. Na5 Nbxd5
15. Nc4 Nxe3 16. Nxe3 O-O 17. Bc4 Nd7 18. h4 Nb6 19. Qxb4 d5 20. Qa5 d4 21. Bb3
Nd7 22. Qxd8 Bxd8 23. Nc4 a5 24. c3 a4 25. Bc2 Rc8 26. Nd6 Rc6 27. Ne4 a3 28.
cxd4 axb2+ 29. Kxb2 exd4 30. Rxd4 Ne5 31. Bb3 Nxf3 32. Rd5 Bc7 33. Rc1 Rxc1 34.
Kxc1 Nxh4 35. Rd7 Bf4+ 36. Kb2 Nf3 37. a4 Ne5 38. Rb7 Nxg4 39. a5 Rb8 40. Re7
h5 41. a6 Be3 42. Kc3 1/2-1/2

[Event "Zadar2019"]
[Site "Zadar"]
[Date "2019.12.16"]
[Round "2.10"]
[White "Predojevic, Borki"]
[Black "Mosesov, Danyil"]
[Result "1/2-1/2"]
[WhiteElo "2616"]
[BlackElo "2290"]
[PlyCount "83"]
[EventDate "2019.12.15"]

1. Nf3 d5 2. g3 Nd7 3. d4 Nb6 4. a4 a5 5. b3 Bf5 6. Ba3 e6 7. Bxf8 Kxf8 8. Bg2
Nf6 9. O-O Ke7 10. Nh4 Re8 11. Nxf5+ exf5 12. Qd3 g6 13. c4 Kf8 14. Nc3 c6 15.
Rfc1 Kg7 16. Ra2 h5 17. cxd5 Nbxd5 18. Nxd5 Nxd5 19. Bxd5 Qxd5 20. Rc5 Qe4 21.
Qxe4 Rxe4 22. e3 Kf6 23. Rac2 Re6 24. d5 cxd5 25. Rb5 b6 26. Rxd5 Rae8 27. Kf1
Re5 28. Rd4 Re4 29. Rcc4 R8e6 30. Ke2 Rxd4 31. Rxd4 Rc6 32. Kd3 Ke5 33. e4
fxe4+ 34. Rxe4+ Kd5 35. Rd4+ Ke5 36. Re4+ Kd5 37. Re7 f6 38. Rg7 Kc5 39. Kc3
Kd5+ 40. Kd3 Kc5 41. Kc3 Kd5+ 42. Kd3 1/2-1/2

[Event "Zadar2019"]
[Site "Zadar"]
[Date "2019.12.16"]
[Round "2.15"]
[White "Peng, Hongchi"]
[Black "Nguyen, Piotr"]
[Result "0-1"]
[WhiteElo "2271"]
[BlackElo "2413"]
[PlyCount "41"]
[EventDate "2019.12.15"]

1. e4 c5 2. Nf3 g6 3. c3 Bg7 4. d4 cxd4 5. cxd4 d5 6. e5 Bg4 7. h3 Bxf3 8. Qxf3
Nc6 9. Bb5 Nh6 10. Bg5 Nf5 11. Qc3 Qb6 12. Bxc6+ bxc6 13. Be3 f6 14. exf6 Bxf6
15. O-O c5 16. Qd2 Nxe3 17. fxe3 cxd4 18. Na3 dxe3 19. Qxd5 e2+ 20. Rf2 Rd8 21.
Qf3 0-1

[Event "Zadar2019"]
[Site "Zadar"]
[Date "2019.12.16"]
[Round "2.16"]
[White "Lye, Lik Zang"]
[Black "Hrescak, Ivana"]
[Result "1-0"]
[WhiteElo "2379"]
[BlackElo "2194"]
[PlyCount "77"]
[EventDate "2019.12.15"]

1. e4 c5 2. Nc3 Nc6 3. Bb5 Nd4 4. Nf3 Nxb5 5. Nxb5 d5 6. exd5 a6 7. Nc3 Bg4 8.
h3 Bh5 9. g4 Bg6 10. d4 c4 11. Ne5 Nf6 12. Qf3 b5 13. d6 Rc8 14. g5 Nd7 15. Bf4
e6 16. O-O-O b4 17. Nxg6 hxg6 18. Nd5 Bxd6 19. Bxd6 Qxg5+ 20. Ne3 Qb5 21. d5 e5
22. Qe4 b3 23. axb3 cxb3 24. Qb4 bxc2 25. Rd2 f6 26. Qxb5 axb5 27. Rxc2 Rxc2+
28. Kxc2 Kf7 29. Kb3 Rh4 30. Rc1 Rxh3 31. Rc7 Ke8 32. Rc8+ Kf7 33. Rd8 Rf3 34.
Rxd7+ Kg8 35. Bc5 Rxf2 36. d6 f5 37. Rd8+ Kh7 38. d7 Rd2 39. Kc3 1-0

[Event "Zadar2019"]
[Site "Zadar"]
[Date "2019.12.16"]
[Round "2.17"]
[White "Nester, Ihor"]
[Black "Chan, Kim Yew"]
[Result "0-1"]
[WhiteElo "2329"]
[BlackElo "2245"]
[PlyCount "82"]
[EventDate "2019.12.15"]

1. Nf3 Nf6 2. c4 e6 3. g3 d5 4. d4 Bb4+ 5. Bd2 Be7 6. Bg2 O-O 7. O-O c6 8. Qc2
b6 9. Bf4 Bb7 10. Rd1 Nbd7 11. Nc3 dxc4 12. e4 b5 13. Rd2 Re8 14. Rad1 Nf8 15.
h3 Ng6 16. Be3 Qc7 17. Nh2 Rad8 18. f4 a6 19. Ng4 Nd7 20. h4 f5 21. exf5 exf5
22. Qxf5 Nf6 23. Ne5 Bc8 24. Qc2 Ng4 25. Qe4 Nxe3 26. Qxe3 Bb4 27. Qf3 Ne7 28.
Nxc6 Nxc6 29. Qxc6 Qxc6 30. Bxc6 Bxc3 31. bxc3 Re3 32. Kf2 Rxc3 33. d5 Bg4 34.
Re1 Rf3+ 35. Kg2 c3 36. Rd4 c2 37. Rc1 Rc3 38. Rb4 Bf3+ 39. Kf2 Bxd5 40. Bxd5+
Rxd5 41. Ke2 Rxg3 0-1

[Event "Zadar2019"]
[Site "Zadar"]
[Date "2019.12.16"]
[Round "2.18"]
[White "Martinovic, Sasa"]
[Black "Sutkovic, Damir"]
[Result "1/2-1/2"]
[WhiteElo "2544"]
[BlackElo "2292"]
[PlyCount "118"]
[EventDate "2019.12.15"]

1. d4 Nf6 2. c4 Na6 3. Nc3 d6 4. Nf3 c5 5. g3 g6 6. Bg2 Bg7 7. O-O O-O 8. b3
cxd4 9. Nxd4 Nc5 10. h3 a5 11. Be3 Bd7 12. Rc1 Qb6 13. g4 Rfc8 14. Qd2 Qd8 15.
Rfd1 Rab8 16. Rb1 h5 17. g5 Ne8 18. Ncb5 Ra8 19. Nc3 Nc7 20. a3 Rcb8 21. h4 Qc8
22. Kh2 N5e6 23. Nc2 Nf8 24. Rbc1 Be5+ 25. f4 Bxc3 26. Qxc3 Bc6 27. Bh3 Bd7 28.
Bf1 Nce6 29. a4 Nc5 30. Nd4 Bg4 31. Bg2 Nfe6 32. Re1 Nxd4 33. Bxd4 Qf5 34. Qg3
Ne6 35. Be3 Nc5 36. Bd4 Ne6 37. Be3 Nc5 38. Bg1 Ne6 39. e3 Ra6 40. Rf1 Nc5 41.
e4 Nxe4 42. Qe3 Nc5 43. Qxe7 Qe6 44. Qxe6 Bxe6 45. Rc3 Rb6 46. Bxc5 dxc5 47.
Rd1 Re8 48. Kg3 Kf8 49. Bf3 Rc8 50. Rd2 Ke7 51. Rcd3 Bf5 52. Re3+ Re6 53. Kf2
Rxe3 54. Kxe3 b6 55. Be4 Bg4 56. Rd5 Rd8 57. Rxd8 Kxd8 58. Bc2 Bf5 59. Bxf5
gxf5 1/2-1/2

[Event "Zadar2019"]
[Site "Zadar"]
[Date "2019.12.16"]
[Round "3.10"]
[White "Sinanovic, Muhamed"]
[Black "Predojevic, Borki"]
[Result "0-1"]
[WhiteElo "2309"]
[BlackElo "2616"]
[PlyCount "62"]
[EventDate "2019.12.15"]

1. g3 e5 2. c4 c6 3. Bg2 d5 4. cxd5 cxd5 5. d4 e4 6. Nc3 Bb4 7. f3 Nf6 8. Bg5
Nbd7 9. Rc1 O-O 10. a3 Bxc3+ 11. Rxc3 h6 12. Bf4 Re8 13. Nh3 exf3 14. Bxf3 Nb6
15. Nf2 Ne4 16. Bxe4 dxe4 17. Bc7 Qf6 18. Bxb6 e3 19. Nd3 axb6 20. Rf1 Qxd4 21.
Qb3 Be6 22. Qb4 Qd8 23. Rf4 Qd5 24. Qe4 Qh5 25. Rh4 Qb5 26. Qb4 Qd5 27. Qe4 Qa2
28. Qb4 Rac8 29. Kf1 Qb1+ 30. Ne1 Bh3+ 31. Rxh3 Qf5+ 0-1

[Event "Zadar2019"]
[Site "Zadar"]
[Date "2019.12.16"]
[Round "3.15"]
[White "Mosesov, Danyil"]
[Black "Spalir, Jernej"]
[Result "1-0"]
[WhiteElo "2290"]
[BlackElo "2429"]
[PlyCount "115"]
[EventDate "2019.12.15"]

1. d4 d5 2. c4 e6 3. Nc3 Nf6 4. Nf3 Bb4 5. e3 O-O 6. Bd2 b6 7. cxd5 exd5 8. Bd3
Bb7 9. Rc1 a6 10. O-O Bd6 11. Ne5 c5 12. f4 Nbd7 13. Qf3 b5 14. Qh3 Bxe5 15.
fxe5 Ne4 16. Be1 Qe8 17. Rf4 Qe6 18. Rg4 Rac8 19. Rd1 f5 20. exf6 Rxf6 21. Ne2
cxd4 22. Nxd4 Qe8 23. Bh4 Rf7 24. Rf4 Rxf4 25. exf4 Ndf6 26. Re1 Qf8 27. Qe6+
Qf7 28. h3 Nc5 29. Qxf7+ Kxf7 30. Bf5 Rc7 31. Rc1 g6 32. Ne6 Re7 33. Nd8+ Kg7
34. Bb1 Nce4 35. g4 Rd7 36. Nxb7 Rxb7 37. Rc6 a5 38. Bd3 h5 39. f5 g5 40. Be1
hxg4 41. hxg4 Nxg4 42. Be2 Ne3 43. f6+ Kg6 44. Bxa5 Nc4 45. Bd8 Ne5 46. Re6 Nf7
47. Ba5 Rb8 48. Bd3 Kf5 49. Rb6 Ra8 50. Rxb5 Ke6 51. Rb6+ Ke5 52. b4 Nxf6 53.
Rc6 Ne4 54. Ba6 d4 55. Bc7+ Kd5 56. Bb7 Ra7 57. Rc5+ Ke6 58. Bxe4 1-0

[Event "Zadar2019"]
[Site "Zadar"]
[Date "2019.12.18"]
[Round "5.10"]
[White "Doric, Darko"]
[Black "Peng, Hongchi"]
[Result "1/2-1/2"]
[WhiteElo "2492"]
[BlackElo "2271"]
[PlyCount "76"]
[EventDate "2019.12.15"]

1. c4 Nf6 2. Nc3 d5 3. cxd5 Nxd5 4. g3 g6 5. Bg2 Nxc3 6. bxc3 Bg7 7. Rb1 c6 8.
Nf3 Qa5 9. Qc2 Nd7 10. O-O O-O 11. c4 e5 12. d3 Re8 13. Bb2 Nc5 14. Nd2 Bf5 15.
Bc3 Qc7 16. Bb4 Ne6 17. Ne4 Nd4 18. Qd2 Bxe4 19. Bxe4 f5 20. Bg2 e4 21. e3 Nf3+
22. Bxf3 exf3 23. d4 g5 24. Qd1 g4 25. Qd3 Qf7 26. Bd6 Re4 27. c5 Rd8 28. a4
Bf8 29. Bxf8 Kxf8 30. a5 a6 31. Rb4 Rd7 32. Rfb1 Ree7 33. h4 h5 34. Qc3 Qg7 35.
Kf1 Qf6 36. Qc2 Qf7 37. Qb3 Qxb3 38. R1xb3 Kf7 1/2-1/2

[Event "Zadar2019"]
[Site "Zadar"]
[Date "2019.12.18"]
[Round "5.15"]
[White "Chan, Kim Yew"]
[Black "Manush, Shah"]
[Result "1/2-1/2"]
[WhiteElo "2245"]
[BlackElo "2341"]
[PlyCount "41"]
[EventDate "2019.12.15"]

1. Nf3 d5 2. g3 c6 3. Bg2 Bg4 4. c4 e6 5. cxd5 Bxf3 6. Bxf3 cxd5 7. O-O Nf6 8.
Nc3 Nc6 9. d4 Qb6 10. e3 Be7 11. Qb3 Qxb3 12. axb3 O-O 13. Bd2 Bb4 14. Rfc1
Rfc8 15. Kf1 b6 16. Ke1 Kf8 17. Be2 Na5 18. Bd1 Nc6 19. Be2 Na5 20. Bd1 Nc6 21.
Be2 1/2-1/2

[Event "Zadar2019"]
[Site "Zadar"]
[Date "2019.12.19"]
[Round "6.3"]
[White "Predojevic, Borki"]
[Black "Yeoh, Li Tian"]
[Result "1/2-1/2"]
[WhiteElo "2616"]
[BlackElo "2530"]
[PlyCount "40"]
[EventDate "2019.12.15"]

1. e4 e5 2. Nf3 Nc6 3. d4 exd4 4. Nxd4 Nf6 5. Nxc6 bxc6 6. Bd3 d5 7. exd5 cxd5
8. O-O Be7 9. c4 O-O 10. cxd5 Nxd5 11. Qf3 Be6 12. Rd1 c6 13. Nc3 Qb6 14. Na4
Qb4 15. Qe4 Qxe4 16. Bxe4 Rfd8 17. Bd2 Nb6 18. Nxb6 axb6 19. Bxc6 Rxa2 20. Bc3
Rxa1 1/2-1/2

[Event "Zadar2019"]
[Site "Zadar"]
[Date "2019.12.19"]
[Round "6.4"]
[White "Ghersinich, Enrico"]
[Black "Kozul, Zdenko"]
[Result "0-1"]
[WhiteElo "2157"]
[BlackElo "2590"]
[PlyCount "50"]
[EventDate "2019.12.15"]

1. d4 Nf6 2. c4 d6 3. Nc3 Nbd7 4. e4 e5 5. Be2 exd4 6. Qxd4 g6 7. Be3 Bg7 8. f3
O-O 9. Qd2 Ne5 10. O-O-O Be6 11. Nd5 c6 12. Nxf6+ Bxf6 13. c5 dxc5 14. Bxc5
Qxd2+ 15. Kxd2 Rfd8+ 16. Kc2 Rxd1 17. Bxd1 Nc4 18. b3 b6 19. Bf2 Na3+ 20. Kc1
Bg5+ 21. Kb2 Rd8 22. f4 Rd2+ 23. Kc3 Nb1+ 24. Kb4 Be7+ 25. Ka4 Nc3# 0-1

[Event "Zadar2019"]
[Site "Zadar"]
[Date "2019.12.19"]
[Round "6.5"]
[White "Stany, G.A.."]
[Black "Saric, Ante"]
[Result "1/2-1/2"]
[WhiteElo "2526"]
[BlackElo "2556"]
[PlyCount "109"]
[EventDate "2019.12.15"]

1. e4 e6 2. d4 d5 3. e5 c5 4. c3 Nc6 5. Nf3 Bd7 6. Be2 Nge7 7. O-O cxd4 8. cxd4
Nf5 9. Nc3 Rc8 10. Bg5 Qb6 11. Na4 Qa5 12. Bd2 Qd8 13. Bc3 b6 14. Rc1 Be7 15.
a3 O-O 16. Ba6 Rc7 17. Bd3 f6 18. Bxf5 exf5 19. Re1 fxe5 20. dxe5 Be6 21. b4
Qd7 22. Bb2 Rfc8 23. Nc3 a6 24. Ne2 b5 25. Qd2 Nd8 26. Rxc7 Rxc7 27. Nf4 Rc4
28. Rd1 Nc6 29. g3 Kf7 30. h4 h6 31. Qe2 Re4 32. Qd3 g5 33. hxg5 hxg5 34. Nxe6
Qxe6 35. Qxd5 Qxd5 36. Rxd5 g4 37. Nd2 Re1+ 38. Nf1 Ke6 39. Rd3 Nxe5 40. Bxe5
Rxe5 41. Ne3 Bg5 42. f4 gxf3 43. Kf2 f4 44. gxf4 Bxf4 45. Kxf3 Bxe3 46. Rxe3
Rxe3+ 47. Kxe3 Ke5 48. Kd3 Kd5 49. Kc3 Ke4 50. Kb3 Kd3 51. a4 Kd4 52. axb5 axb5
53. Kc2 Kc4 54. Kb1 Kxb4 55. Kb2 1/2-1/2

[Event "Zadar2019"]
[Site "Zadar"]
[Date "2019.12.19"]
[Round "6.10"]
[White "Martinovic, Sasa"]
[Black "Plenkovic, Zdenko"]
[Result "0-1"]
[WhiteElo "2544"]
[BlackElo "2355"]
[PlyCount "82"]
[EventDate "2019.12.15"]

1. d4 Nf6 2. c4 g6 3. Nc3 Bg7 4. e4 d6 5. Nf3 O-O 6. h3 e5 7. d5 a5 8. Be3 Na6
9. g4 Nc5 10. Nd2 c6 11. Be2 Bd7 12. g5 Ne8 13. h4 f6 14. Nb3 Nxb3 15. Qxb3 c5
16. O-O-O a4 17. Qc2 a3 18. b3 fxg5 19. hxg5 Rf7 20. Rh2 Bf8 21. Rdh1 Be7 22.
Qd2 Nc7 23. f4 exf4 24. Bxf4 Rxf4 25. Rxh7 Bxg5 26. Rh8+ Kg7 27. R1h7+ Kf6 28.
Rxd8 Rxd8 29. Kc2 Rh4 30. Rf7+ Kxf7 31. Qxg5 Rdh8 32. Kd2 Ne8 33. Qd8 Nf6 34.
Qc7 Rh3 35. Bd3 Rf3 36. Qxd6 Rhh3 37. Bb1 Rf2+ 38. Ke1 Rb2 39. Bd3 Rxd3 40. e5
Re3+ 41. Ne2 Rbxe2+ 0-1

[Event "Zadar2019"]
[Site "Zadar"]
[Date "2019.12.19"]
[Round "6.11"]
[White "Mitev, Valentin"]
[Black "Doric, Darko"]
[Result "0-1"]
[WhiteElo "2233"]
[BlackElo "2492"]
[PlyCount "112"]
[EventDate "2019.12.15"]

1. d4 d5 2. c4 e6 3. Nc3 Nf6 4. cxd5 Nxd5 5. e4 Nxc3 6. bxc3 c5 7. Nf3 cxd4 8.
cxd4 Bb4+ 9. Bd2 Bxd2+ 10. Qxd2 O-O 11. Be2 b6 12. O-O Bb7 13. Qe3 Nd7 14. Rfc1
Nf6 15. Bd3 Qe7 16. Rc3 Rfc8 17. Rac1 Qd8 18. h3 Rxc3 19. Rxc3 Rc8 20. Ra3 Ra8
21. Rc3 h6 22. Ne5 Qe7 23. Qc1 Ne8 24. Qf4 Rd8 25. Nf3 Qd6 26. Qh4 Rc8 27. Rxc8
Bxc8 28. e5 Qd7 29. Nd2 Bb7 30. Kh2 Kf8 31. Qf4 Bd5 32. a3 b5 33. Nf1 a6 34.
Qd2 Nc7 35. Qb4+ Ke8 36. Ne3 Bc6 37. Qc5 Nd5 38. Be4 Ne7 39. Bd3 Qb7 40. f3 Nc8
41. Be4 Bxe4 42. fxe4 Nb6 43. d5 Nd7 44. Qd6 Qb6 45. Qxb6 Nxb6 46. Kg3 a5 47.
Kf3 Nd7 48. Nc2 Nxe5+ 49. Ke3 Kd7 50. Kd4 Kd6 51. Na1 exd5 52. exd5 a4 53. Nc2
Nc4 54. Nb4 Nxa3 55. Nc6 Nc2+ 56. Kc3 Ne3 0-1

[Event "Zadar2019"]
[Site "Zadar"]
[Date "2019.12.19"]
[Round "6.14"]
[White "Manush, Shah"]
[Black "Hnydiuk, Aleksander"]
[Result "1/2-1/2"]
[WhiteElo "2341"]
[BlackElo "2423"]
[PlyCount "150"]
[EventDate "2019.12.15"]

1. d4 Nf6 2. Nf3 g6 3. c4 Bg7 4. g3 c5 5. d5 b5 6. cxb5 a6 7. bxa6 d6 8. Nc3
O-O 9. Bg2 Nbd7 10. Rb1 Nb6 11. Nd2 Bf5 12. e4 Bc8 13. Bf1 Nfd7 14. Qc2 f5 15.
Be2 Nf6 16. O-O fxe4 17. Ndxe4 Nxe4 18. Nxe4 Nxd5 19. Bc4 e6 20. Qb3 Bxa6 21.
Bxd5 exd5 22. Qxd5+ Kh8 23. Re1 Rf5 24. Qxd6 Bd3 25. Ra1 Bd4 26. Be3 Bxb2 27.
Rad1 Rd5 28. Qxd8+ Raxd8 29. Bg5 Rxg5 30. Nxg5 Rd7 31. Ne6 c4 32. Nc5 Rd5 33.
Nxd3 cxd3 34. Re3 d2 35. Rb3 Bc1 36. Rc3 Ra5 37. Rc2 Rd5 38. Rcxc1 dxc1=Q 39.
Rxc1 Ra5 40. Rc2 g5 41. h3 Kg7 42. Re2 Kf6 43. Kf1 Ra3 44. Kg2 h5 45. Rb2 Kg6
46. Rb6+ Kg7 47. Rb2 Kg6 48. Kf1 Kf6 49. Re2 Kg6 50. Kg2 Kf6 51. f3 h4 52. g4
Kf7 53. Kf1 Kg6 54. Kf2 Kg7 55. Rb2 Kg6 56. Ke2 Kf6 57. Ke1 Re3+ 58. Re2 Ra3
59. Kf2 Kg6 60. Kg2 Kf6 61. Rb2 Kg6 62. Rf2 Kg7 63. f4 gxf4 64. Rxf4 Rxa2+ 65.
Rf2 Ra3 66. Rf5 Ra2+ 67. Kg1 Ra1+ 68. Kf2 Ra2+ 69. Kg1 Ra1+ 70. Kg2 Ra2+ 71.
Rf2 Ra3 72. Re2 Kg6 73. Re5 Ra2+ 74. Kf1 Ra3 75. Kg2 Ra2+ 1/2-1/2